<?xml version="1.0" encoding="UTF-8"?>
<record
    xmlns:xsi="http://www.w3.org/2001/XMLSchema-instance"
    xsi:schemaLocation="http://www.loc.gov/MARC21/slim http://www.loc.gov/standards/marcxml/schema/MARC21slim.xsd"
    xmlns="http://www.loc.gov/MARC21/slim">

  <leader>01747cam a2200217   4500500</leader>
  <controlfield tag="005">20250125011239.0</controlfield>
  <datafield tag="041" ind1=" " ind2=" ">
    <subfield code="a">fre</subfield>
  </datafield>
  <datafield tag="042" ind1=" " ind2=" ">
    <subfield code="a">dc</subfield>
  </datafield>
  <datafield tag="100" ind1="1" ind2="0">
    <subfield code="a">Gaujoux, Vivien</subfield>
    <subfield code="e">author</subfield>
  </datafield>
  <datafield tag="700" ind1="1" ind2="0">
    <subfield code="a"> Reynaud, Emanuelle</subfield>
    <subfield code="e">author</subfield>
  </datafield>
  <datafield tag="700" ind1="1" ind2="0">
    <subfield code="a"> Palluel-Germain, Richard</subfield>
    <subfield code="e">author</subfield>
  </datafield>
  <datafield tag="700" ind1="1" ind2="0">
    <subfield code="a"> T. Vallet, Guillaume</subfield>
    <subfield code="e">author</subfield>
  </datafield>
  <datafield tag="700" ind1="1" ind2="0">
    <subfield code="a"> Navarro, Jordan</subfield>
    <subfield code="e">author</subfield>
  </datafield>
  <datafield tag="700" ind1="1" ind2="0">
    <subfield code="a"> Osiurak, Fran&#xE7;ois</subfield>
    <subfield code="e">author</subfield>
  </datafield>
  <datafield tag="245" ind1="0" ind2="0">
    <subfield code="a">Multitarea digital: Efectos sobre la organizaci&#xF3;n y el rendimiento en tareas no digitales</subfield>
  </datafield>
  <datafield tag="260" ind1=" " ind2=" ">
    <subfield code="c">2022.
							</subfield>
  </datafield>
  <datafield tag="500" ind1=" " ind2=" ">
    <subfield code="a">70</subfield>
  </datafield>
  <datafield tag="520" ind1=" " ind2=" ">
    <subfield code="a">Este estudio aborda dos cuestiones: &#xBF;refleja la tendencia a la multitarea digital un comportamiento general y repercute en las capacidades cognitivas? Si este es el caso, los usuarios de medios multitarea deber&#xED;an adoptar una organizaci&#xF3;n multitarea espont&#xE1;nea, incluida la capacidad de realizar cuatro tareas no digitales en veinte minutos, y, por tanto, deber&#xED;an obtener un menor rendimiento. Nuestros resultados no soportan estas hip&#xF3;tesis, ya que la tendencia a la multitarea digital no se correlaciona con el rendimiento ni con el n&#xFA;mero de cambios de tarea, y apuntan a factores organizativos espec&#xED;ficos de la naturaleza de las tareas por realizar m&#xE1;s que a un comportamiento general. Curiosamente, independientemente de la multitarea, un mayor consumo de medios se asoci&#xF3; con un mejor rendimiento en nuestras tareas. Este resultado pone de manifiesto la necesidad de profundizar en el estudio de los factores determinantes de la organizaci&#xF3;n ante tareas m&#xFA;ltiples.</subfield>
  </datafield>
  <datafield tag="786" ind1="0" ind2=" ">
    <subfield code="n">L&#x2019;Ann&#xE9;e psychologique | 123 | 1 | 2022-12-13 | p. 63-89 | 0003-5033</subfield>
  </datafield>
  <datafield tag="856" ind1="4" ind2="1">
    <subfield code="u">https://shs.cairn.info/revista-l-annee-psychologique-2023-1-page-63?lang=es&amp;redirect-ssocas=7080</subfield>
  </datafield>
  <datafield tag="999" ind1=" " ind2=" ">
    <subfield code="c">911966</subfield>
    <subfield code="d">911966</subfield>
  </datafield>
</record>
